The Silmarillion: All characters starting with S - Statistics

General Stats
  • This quiz has been taken 43 times
  • The average score is 4 of 6
Answer Stats
Hint Answer % Correct
One of the Istari, the White Wizard: Saruman
100%
The greatest of the servants of Melkor, in his origin a Maia of Aule: Sauron
100%
Daughter of Tar-Elendil, the fourth king of Numenor: Silmarien
63%
Nandorin Elf, insulted Turin in Menegroth and by him pursued to his death: Saeros
59%
A Maia who entered Arda with Ulmo; maker of Ulmo's great horns, the Ulumuri: Salmar
44%
22nd King of Numenor, the father of Ar-Gimilzor: Sakalthor
37%
No matching quizzes found
Score Distribution
Percent of People with Each Score
Percentile by Number Answered
Your Score History
You have not taken this quiz